| 000 | 00556nam a22001697a 4500 | ||
|---|---|---|---|
| 999 |
_c18658 _d18658 |
||
| 008 | 240104b ||||| |||| 00| 0 eng d | ||
| 020 | _a9780357721094 | ||
| 082 |
_22023 _aDC 339 _bT795 |
||
| 100 |
_aTucker, Irvin B. _950574 |
||
| 245 |
_aMacroeconomics for today / _cIrvin B. Tucker. |
||
| 250 | _aEleveth edition. | ||
| 260 |
_aUnited States of America : _bCengage learning, Inc., _c©2023. |
||
| 300 |
_axxi, 580 pages : _bcolor illustrations ; _c26 cm. |
||
| 500 | _aIncludes glossary and index. | ||
| 650 |
_aMacroeconomics. _950623 |
||
| 942 |
_2ddc _cDC |
||